<?xml version="1.0" encoding="UTF-8"?>
<record
    xmlns:xsi="http://www.w3.org/2001/XMLSchema-instance"
    xsi:schemaLocation="http://www.loc.gov/MARC21/slim http://www.loc.gov/standards/marcxml/schema/MARC21slim.xsd"
    xmlns="http://www.loc.gov/MARC21/slim">

  <leader>02887njm a2200457Ia 4500</leader>
  <controlfield tag="001">21052</controlfield>
  <controlfield tag="003">IT-RoPAU</controlfield>
  <controlfield tag="005">20220918181119.0</controlfield>
  <controlfield tag="008">131025s9999    xx            000 0 und d</controlfield>
  <datafield tag="040" ind1=" " ind2=" ">
    <subfield code="a">IT-RoPAU</subfield>
  </datafield>
  <datafield tag="040" ind1=" " ind2=" ">
    <subfield code="c">IT-RoPAU</subfield>
  </datafield>
  <datafield tag="041" ind1=" " ind2=" ">
    <subfield code="a">ITALIANO</subfield>
  </datafield>
  <datafield tag="999" ind1=" " ind2=" ">
    <subfield code="c">99607</subfield>
    <subfield code="d">99607</subfield>
  </datafield>
  <datafield tag="999" ind1=" " ind2=" ">
    <subfield code="b">n.d.</subfield>
  </datafield>
  <datafield tag="100" ind1=" " ind2=" ">
    <subfield code="a">AA.VV.</subfield>
    <subfield code="9">794</subfield>
  </datafield>
  <datafield tag="100" ind1=" " ind2=" ">
    <subfield code="e">Autore musica</subfield>
    <subfield code="9">4623</subfield>
  </datafield>
  <datafield tag="100" ind1=" " ind2=" ">
    <subfield code="g">Codice autore musica SPICS: 12000</subfield>
    <subfield code="9">796</subfield>
  </datafield>
  <datafield tag="245" ind1=" " ind2=" ">
    <subfield code="a">Per aver visto un uomo piangere e soffrire Dio si trasform&#xF2; in musica e poesia (Lp 6323 010)</subfield>
  </datafield>
  <datafield tag="250" ind1=" " ind2=" ">
    <subfield code="a">1a ed.</subfield>
  </datafield>
  <datafield tag="260" ind1=" " ind2=" ">
    <subfield code="a">ITALIA</subfield>
  </datafield>
  <datafield tag="260" ind1=" " ind2=" ">
    <subfield code="b">PHILIPS</subfield>
    <subfield code="c">1971 [1a Ed.:1971 - Ed. Lingua Orig.: 1971]</subfield>
  </datafield>
  <datafield tag="300" ind1=" " ind2=" ">
    <subfield code="a">DISCO</subfield>
  </datafield>
  <datafield tag="300" ind1=" " ind2=" ">
    <subfield code="c">41 minuti (Testo:  pag.)</subfield>
  </datafield>
  <datafield tag="500" ind1=" " ind2=" ">
    <subfield code="a">Musica leggera. Canzone italiana.</subfield>
  </datafield>
  <datafield tag="505" ind1=" " ind2=" ">
    <subfield code="a">Preghiera (4:00) - Un uomo una donna una bambina (4:00) - Un volto bianco sulla neve (4:00) - T. L. &amp; R. [(Thunder, Lightning and Rain) (5:00)] - Follow the Lamb (4:00) - Morire... dormire... forse sognare (5:00) - Lanterne antiche (3:00) - Poema degli occhi (3:00) - Storia di una donna che ha amato due volte un uomo che non sapeva amare (9:00)</subfield>
  </datafield>
  <datafield tag="511" ind1=" " ind2=" ">
    <subfield code="a">Pravo Patty</subfield>
  </datafield>
  <datafield tag="650" ind1=" " ind2=" ">
    <subfield code="a">CANZONE [DISCHI]</subfield>
    <subfield code="e">Codice MATERIA SPICS: 9950</subfield>
    <subfield code="9">920</subfield>
  </datafield>
  <datafield tag="700" ind1=" " ind2=" ">
    <subfield code="a">Bardotti Sergio</subfield>
    <subfield code="g">Codice autore musica SPICS: 13862</subfield>
    <subfield code="e">Autore musica</subfield>
    <subfield code="p">Preghiera - Un uomo una donna una bambina - Morire... dormire... forse sognare - Poema degli occhi</subfield>
    <subfield code="9">4624</subfield>
  </datafield>
  <datafield tag="700" ind1=" " ind2=" ">
    <subfield code="a">Trim</subfield>
    <subfield code="g">Codice autore SPICS: 24602</subfield>
    <subfield code="e">Autore</subfield>
    <subfield code="p">Preghiera</subfield>
    <subfield code="9">4625</subfield>
  </datafield>
  <datafield tag="700" ind1=" " ind2=" ">
    <subfield code="a">Vitalis A.</subfield>
    <subfield code="g">Codice autore testo/musica SPICS: 24652</subfield>
    <subfield code="e">Autore testo/musica</subfield>
    <subfield code="p">Preghiera - Un uomo una donna una bambina - Un volto bianco sulla neve</subfield>
    <subfield code="9">4626</subfield>
  </datafield>
  <datafield tag="700" ind1=" " ind2=" ">
    <subfield code="a">Pallavicini Vito</subfield>
    <subfield code="g">Codice autore musica SPICS: 13656</subfield>
    <subfield code="e">Autore musica</subfield>
    <subfield code="p">Un uomo una donna una bambina - Un volto bianco sulla neve - Lanterne antiche - Storia di una donna che ha amato due volte un uomo che non sapeva amare</subfield>
    <subfield code="9">4627</subfield>
  </datafield>
  <datafield tag="700" ind1=" " ind2=" ">
    <subfield code="a">Croisille</subfield>
    <subfield code="g">Codice autore SPICS: 24603</subfield>
    <subfield code="e">Autore</subfield>
    <subfield code="p">Un volto bianco sulla neve</subfield>
    <subfield code="9">4628</subfield>
  </datafield>
  <datafield tag="700" ind1=" " ind2=" ">
    <subfield code="a">Shapiro David Shel</subfield>
    <subfield code="g">Codice autore musica SPICS: 24542</subfield>
    <subfield code="e">Autore musica</subfield>
    <subfield code="p">T. L. &amp; R. (Thunder, Lightning and Rain) - Storia di una donna che ha amato due volte un uomo che non sapeva amare</subfield>
    <subfield code="9">4629</subfield>
  </datafield>
  <datafield tag="700" ind1=" " ind2=" ">
    <subfield code="a">Styne Jules</subfield>
    <subfield code="g">Codice autore musica SPICS: 11167</subfield>
    <subfield code="e">Autore musica</subfield>
    <subfield code="p">Follow the Lamb</subfield>
    <subfield code="9">4630</subfield>
  </datafield>
  <datafield tag="700" ind1=" " ind2=" ">
    <subfield code="a">Cahan S.</subfield>
    <subfield code="g">Codice autore SPICS: 24604</subfield>
    <subfield code="e">Autore</subfield>
    <subfield code="p">Follow the Lamb</subfield>
    <subfield code="9">4631</subfield>
  </datafield>
  <datafield tag="700" ind1=" " ind2=" ">
    <subfield code="a">Bacalov Enriquez L.</subfield>
    <subfield code="g">Codice autore SPICS: 24605</subfield>
    <subfield code="e">Autore</subfield>
    <subfield code="p">Morire... dormire... forse sognare</subfield>
    <subfield code="9">4632</subfield>
  </datafield>
  <datafield tag="700" ind1=" " ind2=" ">
    <subfield code="a">Stewart</subfield>
    <subfield code="g">Codice autore SPICS: 24606</subfield>
    <subfield code="e">Autore</subfield>
    <subfield code="p">Lanterne antiche</subfield>
    <subfield code="9">4633</subfield>
  </datafield>
  <datafield tag="700" ind1=" " ind2=" ">
    <subfield code="a">Ashdown</subfield>
    <subfield code="g">Codice autore testo/musica SPICS: 24653</subfield>
    <subfield code="e">Autore testo/musica</subfield>
    <subfield code="p">Lanterne antiche</subfield>
    <subfield code="9">4634</subfield>
  </datafield>
  <datafield tag="700" ind1=" " ind2=" ">
    <subfield code="a">De Moraes Vinicius</subfield>
    <subfield code="g">Codice autore SPICS: 8011</subfield>
    <subfield code="e">Autore</subfield>
    <subfield code="p">Poema degli occhi</subfield>
    <subfield code="9">4635</subfield>
  </datafield>
  <datafield tag="700" ind1=" " ind2=" ">
    <subfield code="a">Soledade P.</subfield>
    <subfield code="g">Codice autore testo/musica SPICS: 24654</subfield>
    <subfield code="e">Autore testo/musica</subfield>
    <subfield code="p">Poema degli occhi</subfield>
    <subfield code="9">4636</subfield>
  </datafield>
  <datafield tag="942" ind1=" " ind2=" ">
    <subfield code="c">MD</subfield>
    <subfield code="2">ddc</subfield>
  </datafield>
  <datafield tag="952" ind1=" " ind2=" ">
    <subfield code="0">0</subfield>
    <subfield code="1">0</subfield>
    <subfield code="4">0</subfield>
    <subfield code="6">21052_000000000000000</subfield>
    <subfield code="7">1</subfield>
    <subfield code="a">SPICS</subfield>
    <subfield code="b">SPICS</subfield>
    <subfield code="d">2013-10-25</subfield>
    <subfield code="l">0</subfield>
    <subfield code="o">21052</subfield>
    <subfield code="r">2013-10-25 00:00:00</subfield>
    <subfield code="w">2013-10-25</subfield>
    <subfield code="y">MD</subfield>
    <subfield code="z">Progr. Ins.: 4354 / N.Vol.: 1 / Copie: 1 - Copia rara: n.d. / date import: 01.01.2014 - By Epidotti, Trombetti, Vaglietti</subfield>
  </datafield>
</record>
